[Event "Legnica Voivode Cup"]
[Site "Legnica"]
[Date "1994.??.??"]
[Round "?"]
[White "Kuczynski, Robert"]
[Black "Gouret, Thierry"]
[Result "1-0"]
[WhiteElo "2515"]
[BlackElo "2300"]
[PlyCount "85"]
[EventDate "1994.??.??"]
[Source "www.chesslib.no"]
[SourceDate "2004.05.04"]

1. e4 d5 2. exd5 Qxd5 3. Nc3 Qa5 4. d4 Nf6 5. Nf3 Bg4 6. h3 Bh5 7. g4 Bg6 8. Ne5 e6 9. h4 Nbd7 10. Nc4 Qa6 11. h5 Be4 12. Nxe4 Nxe4 13. c3 Nd6 14. Ne5 Qb6 15. Nxd7 Kxd7 16. Bg2 Be7 17. Qe2 c6 18. Be3 Qb5 19. Qxb5 Nxb5 20. c4 Nd6 21. b3 f5 22. g5 h6 23. g6 Bg5 24. f4 Bf6 25. Kf2 b5 26. Rac1 Rac8 27. cxb5 Nxb5 28. Rc5 Rc7 29. Bxc6+ Rxc6 30. Rxb5 Rc2+ 31. Kf3 Rhc8 32. Rc5 R8xc5 33. dxc5 Rxa2 34. Rd1+ Ke7 35. b4 e5 36. c6 e4+ 37. Kg3 Ra3 38. Kf2 Rd3 39. Rxd3 exd3 40. Bxa7 Kd6 41. b5 Bc3 42. Ke3 d2 43. Ke2 1-0

[Event "Gyula"]
[Site "Gyula HUN"]
[Date "1993.??.??"]
[Round "7"]
[White "Berebora, Ferenc"]
[Black "Sidorov, Anatoly"]
[Result "1-0"]
[WhiteElo "2425"]
[BlackElo "2390"]
[PlyCount "109"]
[EventDate "1993.??.??"]
[Source "www.chesslib.no"]
[SourceDate "2004.05.04"]

1. e4 d5 2. exd5 Qxd5 3. Nc3 Qa5 4. d4 Nf6 5. Nf3 Bg4 6. h3 Bh5 7. g4 Bg6 8. Ne5 e6 9. Bg2 c6 10. Bd2 Qb6 11. Qe2 Nbd7 12. Nc4 Qc7 13. O-O-O O-O-O 14. f4 Nd5 15. Rhf1 f5 16. Kb1 Kb8 17. Rde1 Bf7 18. Ne5 Nxe5 19. fxe5 g6 20. Bxd5 cxd5 21. Nb5 Qc6 22. Rf3 Rc8 23. Rc3 Qd7 24. Rxc8+ Qxc8 25. Nd6 Bxd6 26. exd6 Qd7 27. Qe5 Rc8 28. b3 Ka8 29. Kb2 b6 30. Rc1 Rc6 31. Bf4 Kb7 32. g5 Qc8 33. Qg7 Qd7 34. Qxh7 e5 35. Bxe5 Rc8 36. Qg7 a5 37. a4 Be8 38. Qxd7+ Bxd7 39. h4 Be6 40. Re1 Kc6 41. Kc3 Kd7+ 42. Kd2 Rf8 43. Rf1 Rc8 44. Rf3 Rc6 45. h5 gxh5 46. g6 f4 47. Rxf4 Rc8 48. g7 Rg8 49. Rf8 h4 50. Ke3 h3 51. Kf2 Kc6 52. Kg3 Kd7 53. c3 Kc6 54. b4 Kd7 55. b5 1-0

[Event "Zuerich Open"]
[Site "Zurich SUI"]
[Date "1988.??.??"]
[Round "5"]
[White "Filipovic, Branko"]
[Black "Kiss, Attila"]
[Result "1/2-1/2"]
[WhiteElo "2440"]
[BlackElo "2375"]
[PlyCount "41"]
[EventDate "1988.??.??"]
[Source "www.chesslib.no"]
[SourceDate "2004.05.04"]

1. e4 d5 2. exd5 Qxd5 3. Nc3 Qa5 4. d4 Nf6 5. Nf3 Bg4 6. h3 Bh5 7. g4 Bg6 8. Ne5 e6 9. Bg2 c6 10. h4 Be4 11. Bxe4 Nxe4 12. Qf3 Nd6 13. Bd2 f6 14. Nd3 Nd7 15. O-O-O O-O-O 16. Kb1 Nc4 17. Nc1 e5 18. Nb3 Nxd2+ 19. Rxd2 Qc7 20. d5 Bb4 21. a3 1/2-1/2

[Event "Sao Paulo zt 2.4"]
[Site "Sao Paulo"]
[Date "2000.06.11"]
[Round "7"]
[White "Oblitas Guerrero, Carlomagno"]
[Black "Limp, Eduardo"]
[Result "1-0"]
[WhiteElo "2389"]
[BlackElo "2420"]
[PlyCount "119"]
[EventDate "2000.06.05"]
[Source "ChessBase"]
[SourceDate "2000.07.11"]

1. e4 d5 2. exd5 Qxd5 3. Nc3 Qa5 4. d4 Nf6 5. Nf3 Bg4 6. h3 Bxf3 7. Qxf3 c6 8. Bc4 e6 9. O-O Nbd7 10. Bb3 Bd6 11. Bd2 Qc7 12. Ne4 Nxe4 13. Qxe4 O-O 14. c3 Rfe8 15. Bc2 Nf8 16. c4 Rad8 17. Bc3 Be7 18. Rfd1 Bf6 19. Rd3 g6 20. Rad1 Bg7 21. Qf3 e5 22. Qg3 c5 23. Ba4 Re7 24. dxc5 Rxd3 25. Qxd3 e4 26. Qd6 Bxc3 27. bxc3 Ne6 28. c6 b6 29. Qxc7 Rxc7 30. Rd7 Kf8 31. Rxc7 Nxc7 32. Bc2 f5 33. g4 fxg4 34. hxg4 Ke7 35. Bxe4 Ne6 36. Kg2 Kd6 37. Kg3 g5 38. Bxh7 Kxc6 39. Kf3 Nc5 40. Ke3 Kd6 41. f4 Ne6 42. fxg5 Nxg5 43. Bf5 Ke5 44. Kd3 Kd6 45. Kd4 Nf3+ 46. Ke3 Ng5 47. Bc8 Ke5 48. Kd3 Ne4 49. Bf5 Nc5+ 50. Ke3 Na4 51. Bc2 Nc5 52. g5 Ne6 53. g6 Ng7 54. c5 bxc5 55. Kd3 Kd5 56. Bb3+ Kc6 57. Kc4 Nf5 58. Ba4+ Kb6 59. Bc2 Ne3+ 60. Kb3 1-0

[Event "Buenos Aires op3"]
[Site "Buenos Aires ARG"]
[Date "1993.??.??"]
[Round "4"]
[White "Borghi, Humberto"]
[Black "Soppe, Guillermo G"]
[Result "1/2-1/2"]
[WhiteElo "2345"]
[BlackElo "2460"]
[PlyCount "97"]
[EventDate "1993.??.??"]
[Source "www.chesslib.no"]
[SourceDate "2004.05.04"]

1. e4 d5 2. exd5 Qxd5 3. Nc3 Qa5 4. d4 Nf6 5. Nf3 Bg4 6. h3 Bh5 7. Bd2 e6 8. g4 Bg6 9. Ne5 Nbd7 10. Nxg6 hxg6 11. Qf3 c6 12. O-O-O Bb4 13. Bc4 Nd5 14. Ne4 Bxd2+ 15. Rxd2 Qc7 16. Qa3 N7b6 17. Bxd5 cxd5 18. Nd6+ Kf8 19. Nxb7+ Kg8 20. Na5 Rc8 21. Kb1 Qf4 22. Qd3 g5 23. a3 Rh6 24. Qe3 Qxe3 25. fxe3 f6 26. Re2 f5 27. gxf5 exf5 28. Rf1 g6 29. Rf3 Kg7 30. Rg3 Kf6 31. Reg2 Rh5 32. b3 Rc7 33. Kb2 Nc8 34. c4 Nd6 35. c5 Ne4 36. Rf3 Rch7 37. c6 Rxh3 38. Rxh3 Rxh3 39. c7 Rh8 40. Nc6 Rc8 41. Nb4 a5 42. Nxd5+ Ke6 43. Nc3 Nxc3 44. Kxc3 Rxc7+ 45. Kd3 g4 46. b4 axb4 47. axb4 Kd5 48. Ra2 Rb7 49. Ra5+ 1/2-1/2

[Event "After Holidays GM"]
[Site "Tel Aviv"]
[Date "2003.10.21"]
[Round "3"]
[White "Vydeslaver, Alik"]
[Black "Zak, Uriel"]
[Result "1/2-1/2"]
[WhiteElo "2449"]
[BlackElo "2356"]
[PlyCount "48"]
[EventDate "2003.10.19"]
[Source "Roberto Alvarez"]
[SourceDate "2003.11.03"]

1. e4 d5 2. exd5 Qxd5 3. Nc3 Qa5 4. d4 Nf6 5. Nf3 Bg4 6. h3 Bh5 7. g4 Bg6 8. Ne5 e6 9. Bd2 Nbd7 10. Nc4 Qa6 11. Qf3 Bb4 12. Nb5 Bxd2+ 13. Nxd2 O-O 14. Nxc7 Qa5 15. Nxa8 Be4 16. Qc3 Qxc3 17. bxc3 Bxh1 18. Nc7 a6 19. f3 Rc8 20. Nxa6 bxa6 21. Kf2 Rxc3 22. Bd3 Nd5 23. Ne4 Ra3 24. Rxh1 Rxa2 1/2-1/2

[Event "Corr"]
[Site "?"]
[Date "2000.09.25"]
[Round "?"]
[White "Rozenberg Dov (ISR)"]
[Black "Rodriguez Forner Jose Ricardo"]
[Result "1-0"]
[WhiteElo "2432"]
[BlackElo "2373"]
[PlyCount "45"]
[EventDate "2000.??.??"]
[Source "www.chesslib.no"]
[SourceDate "2004.05.04"]

1. e4 d5 2. exd5 Qxd5 3. Nc3 Qa5 4. d4 Nf6 5. Nf3 Bg4 6. h3 Bxf3 7. Qxf3 c6 8. Bd2 Nbd7 9. O-O-O e6 10. Bc4 Qc7 11. g4 Nb6 12. Bb3 Bd6 13. g5 Nfd5 14. Ne4 Bf4 15. c4 Bxd2+ 16. Rxd2 Nf4 17. h4 h5 18. c5 Nc8 19. Re1 O-O 20. Nf6+ gxf6 21. gxf6 Ng6 22. Qxh5 Qf4 23. Rxe6 1-0

[Event "77. ch-city"]
[Site "?"]
[Date "2004.04.09"]
[Round "9"]
[White "Klimov Sergey"]
[Black "Feofanov Denis"]
[Result "1-0"]
[WhiteElo "2520"]
[BlackElo "2281"]
[PlyCount "123"]
[EventDate "2004.??.??"]
[Source "www.chesslib.no"]
[SourceDate "2004.05.04"]

1. e4 d5 2. exd5 Qxd5 3. Nc3 Qa5 4. d4 Nf6 5. Nf3 Bg4 6. h3 Bh5 7. g4 Bg6 8. Ne5 e6 9. Bg2 c6 10. h4 Be4 11. Bxe4 Nxe4 12. Qf3 Nd6 13. Bd2 f6 14. Nd3 Nd7 15. O-O-O O-O-O 16. Rhe1 Re8 17. Kb1 Nc4 18. Ne4 Nxd2+ 19. Nxd2 Bd6 20. Nc4 Qc7 21. h5 Re7 22. Qe4 Nb6 23. Ne3 Nd5 24. c4 Nxe3 25. Qxe3 Qa5 26. f4 Rhe8 27. c5 Bb8 28. Qe4 h6 29. f5 e5 30. dxe5 Bxe5 31. Qc4 Rd7 32. Kc2 Rd5 33. b4 Qd8 34. Nc1 Rxd1 35. Rxd1 Qe7 36. Re1 Rd8 37. Nd3 Qd7 38. Qe6 Qxe6 39. fxe6 Bc7 40. Kc3 Re8 41. Re4 Re7 42. a4 a6 43. Kd4 Kd8 44. Nb2 Re8 45. Nc4 Ke7 46. Ne3 Rd8+ 47. Kc4 Be5 48. Nf5+ Kxe6 49. Nxg7+ Kf7 50. Nf5 Ke6 51. Nxh6 Rd1 52. Nf5 Rc1+ 53. Kd3 Rc3+ 54. Ke2 Kd5 55. Re3 Rc2+ 56. Kd3 Rb2 57. h6 Rxb4 58. Ne7+ Ke6 59. h7 Rb3+ 60. Ke4 Rxe3+ 61. Kxe3 f5 62. Nxf5 1-0

[Event "Lugano Open"]
[Site "Lugano SUI"]
[Date "1989.??.??"]
[Round "1"]
[White "Steinfl, Alessandro"]
[Black "Rogers, Ian"]
[Result "1/2-1/2"]
[WhiteElo "2290"]
[BlackElo "2505"]
[PlyCount "81"]
[EventDate "1989.03.??"]
[Source "www.chesslib.no"]
[SourceDate "2004.05.04"]

1. e4 d5 2. exd5 Qxd5 3. Nc3 Qa5 4. d4 Nf6 5. Nf3 Bg4 6. h3 Bh5 7. g4 Bg6 8. Ne5 e6 9. h4 Bb4 10. Bd2 Qb6 11. Bg2 Bxc3 12. Bxc3 Be4 13. Bxe4 Nxe4 14. Qf3 Nd6 15. O-O-O Nc6 16. d5 Nxe5 17. Bxe5 O-O 18. h5 Nc4 19. Bxg7 e5 20. Qb3 Nxb2 21. Bxf8 Qxb3 22. axb3 Nxd1 23. Rxd1 Kxf8 24. Kd2 a5 25. Kd3 Ke7 26. Ke4 Kd6 27. Kf5 a4 28. b4 b5 29. Kf6 Ra7 30. Kg7 Ke7 31. g5 a3 32. Kxh7 a2 33. Ra1 Kf8 34. g6 fxg6 35. hxg6 c6+ 36. Kh8 Rg7 37. Rxa2 Rxg6 38. Ra8+ Kf7 39. Ra7+ Kf8 40. Ra8+ Kf7 41. Ra7+ 1/2-1/2

[Event "ESP-ch op-A"]
[Site "Cala Mendia"]
[Date "2001.11.24"]
[Round "8"]
[White "Fernandez Garcia, Jose Luis"]
[Black "Tattersall Rodriguez, Lester Antonio"]
[Result "1-0"]
[WhiteElo "2461"]
[BlackElo "2331"]
[PlyCount "82"]
[EventDate "2001.11.17"]
[Source "ChessBase"]
[SourceDate "2002.01.21"]

1. e4 d5 2. exd5 Qxd5 3. Nc3 Qa5 4. d4 Nf6 5. Nf3 Bg4 6. h3 Bxf3 7. Qxf3 c6 8. Bc4 e6 9. O-O Nbd7 10. Ne4 Nxe4 11. Qxe4 O-O-O 12. c3 Nf6 13. Qf3 Qh5 14. g4 Qh4 15. Qg3 Qxg3+ 16. fxg3 h6 17. Kg2 Rd7 18. Bf4 Nd5 19. Bd2 Bd6 20. Rae1 Rhd8 21. Re2 c5 22. g5 hxg5 23. Bxg5 Rf8 24. dxc5 Bxc5 25. Bb5 Rc7 26. c4 Nb6 27. Bf4 a6 28. Bxc7 Kxc7 29. b4 Bd4 30. c5 Nd5 31. Bc4 Ne3+ 32. Rxe3 Bxe3 33. Bxe6 a5 34. a3 axb4 35. axb4 Bd2 36. b5 Bb4 37. Rf5 Bxc5 38. Rxc5+ Kd6 39. Rc8 Rxc8 40. Bxc8 Kc5 41. Bd7 Kd5 1-0